|
|
|
|
| LEADER |
00000nab a2200000 a 4500 |
| 001 |
vtls008901182 |
| 003 |
SK-MaSNL |
| 005 |
20260304135645.0 |
| 008 |
250505c2006 xo mr|p||| |000 b|slo |
| 015 |
|
|
|a SNBRB2006/12
|
| 035 |
|
|
|a (sysno)vtls008901182
|
| 035 |
|
|
|a urn:nbn:sk:snk-ab6zu9
|
| 035 |
|
|
|a (uuid)1b7c1ac3-3b61-4f1d-bed2-9dba85ffeeb5
|
| 035 |
|
|
|a (urnnbn)urn:nbn:sk:snk:ar-a06dbo
|
| 038 |
|
|
|a SPK
|
| 040 |
|
|
|a SNKBUCL
|b slo
|c SNKBUCL
|e AACR2
|
| 041 |
0 |
|
|a slo
|
| 044 |
|
|
|a xo
|c SK
|
| 072 |
|
7 |
|a 633
|x Rastlinná výroba
|2 konspekt
|
| 080 |
|
|
|a 633.88
|2 1997
|
| 100 |
1 |
|
|a Bothová, Monika
|4 aut
|9 275663
|
| 245 |
1 |
0 |
|a Magická moc alchemilky
|c Monika Bothová
|
| 300 |
|
|
|b Fotogr.
|
| 650 |
0 |
7 |
|a liečivé rastliny
|2 snkbucl
|9 3510
|
| 650 |
0 |
7 |
|a alchemilka
|2 spk
|9 93757
|
| 650 |
0 |
7 |
|a fytoterapia
|2 snkbucl
|9 1147
|
| 773 |
0 |
|
|t Dieťa nielen pre rodičov
|g Roč. XII, č. 11 (2006), s. [88]
|x 1335-0919
|
| 850 |
|
|
|a Slovenská národná knižnica
|
| 852 |
|
|
|a Slovenská národná knižnica
|
| 856 |
4 |
1 |
|a www.dieta.sk
|
| 954 |
|
|
|a odborná, vedecká literatúra pôvodná (slovenská)
|2 lita
|
| 958 |
|
|
|a article27
|
| 958 |
|
|
|a ME
|
| 958 |
|
|
|a OND
|
| 958 |
|
|
|a EUIPO
|
| 999 |
|
|
|c 2911713
|d 2913643
|